MARC

LEADER 00000nam0a2200000 4500
001 357829
005 20231102011030.0
035 |a (RuTPU)RU\TPU\retro\15097 
090 |a 357829 
100 |a 20200811d1978 m y0rusy50 ca 
101 0 |a rus 
102 |a RU 
105 |a a j 001zy 
200 1 |a Черчение для строителей  |e учебное пособие для среднего профессионально-технического образования  |f Ю. И. Короев 
210 |a Москва  |c Высшая школа  |d 1978 
215 |a 239 с.  |c ил. 
225 1 |a Профтехобразование. Техническое черчение 
320 |a Библиогр.: с. 236 
606 1 |a Черчение  |x (строит.)  |2 stltpush  |3 (RuTPU)RU\TPU\subj\18728  |9 44109 
610 1 |a учебные пособия 
610 1 |a чертежи 
610 1 |a оформление 
610 1 |a геометрические построения 
610 1 |a проекционное черчение 
610 1 |a рисование 
610 1 |a машиностроительное черчение 
610 1 |a строительное черчение 
610 1 |a деревянные конструкции 
610 1 |a столярные изделия 
675 |a 721.02(075.3)  |v 4 
700 1 |a Короев  |b Ю. И.  |g Юрий Ильич 
801 1 |a RU  |b 63413507  |c 20200811 
801 2 |a RU  |b 63413507  |c 20210303  |g RCR 
942 |c BK